01038nam a22001457a 4500999001900000008004100019100003100060245005600091260005600147300003900203520047400242773005600716942000700772952011300779 c529097d529097250221b ||||| |||| 00| 0 eng d aSrviastava, Rohit 950771 a Is non-violence a viable policy in global affairs? aWorld Affairs: The Journal of International Issues  a 28(4), Oct-Dec, 2024: p.106-115  aThe article contrarians a reflection on the ongoing global transformation and on India’s evolving rule in the international system. The author argues that India should derive inhibition for its foreign policy from its ancient philosophy which is broader than Mahatma Gandhi’s non –violent approach. The concepts of non-violence are not always viable in the context of the human condition as history and centenary events demonstrate time and again. – Reproduced  aWorld Affairs: The Journal of International Issues  cAR 00102ddc40709404202aIIPAbIIPAd2025-02-21h28(4), Oct-Dec, 2024: p.106-115 pAR135250r2025-02-21yAR